| 000 | 00692cam a2200229 a 4500 | ||
|---|---|---|---|
| 003 | OSt | ||
| 005 | 20150728114856.0 | ||
| 008 | 010920s2002 nyu f 001 0 eng | ||
| 020 | _a0766835820 | ||
| 040 | _aSEKU | ||
| 050 | 0 | 0 |
_aKF 320.L4 _b.P9 2002 |
| 100 | 1 | _aPyle, Ransford Comstock, | |
| 245 | 1 | 0 |
_aFoundations of law : _bcases, commentary, and ethics / _cRansford C. Pyle. |
| 250 | _a3rd ed. | ||
| 260 |
_aAlbany, NY : _bWest/Thomson Learning, _cc2002. |
||
| 300 |
_axxiii, 408 p. ; _c24 cm. |
||
| 440 | 0 | _aWest Legal Studies | |
| 500 | _aIncludes index. | ||
| 650 | 0 |
_aLegal assistants _zUnited States _vHandbooks, manuals, etc. |
|
| 650 | 0 |
_aLaw _zUnited States. |
|
| 942 |
_2lcc _cGEN |
||
| 999 |
_c7400 _d7400 |
||